000 00841nam a2200265 c 4500
001 190536
003 SpMaBN
005 20240116151124.0
008 210820s2017 sp 001 0 spa
020 _a978-84-17069-58-2
080 _a111.83
100 1 _aPadilla Gálvez, Jesús.
_9159252
245 1 0 _aVerdad, controversias abiertas /
_cJesús Padilla Gálvez.
260 _aValencia :
_bTirant Humanidades,
_c2017.
300 _a397 p. ;
_c22 cm.
490 1 _aPlural
504 _aBibliografía: p. [379]-397.
650 4 _aVerdad.
_917765
830 1 _aPlural
_9183310
852 4 _aES-MaACL
_jA-14743
_9 197714
_bR.152085
_cDEPO1
_dOlim: N-7743
_hDonación: Jesús Padilla Gálvez
903 _9159252
_aPadilla Gálvez, Jesús
_ednr
942 _2udc
_cMONOGRAFIA
999 _c190536
_d190536